La reforma del estado belga
Saved in:
| 主要作者: | |
|---|---|
| 格式: | 圖書 |
| 語言: | 西班牙语 |
| 出版: |
Bruselas
Ministerio de Asuntos Exteriores, del Comercio Exterior y de la Cooperación al Desarrollo
1979
|
| 叢編: | Noticias de Bélgica. Proyectos y Análisis, 174
|
| 主題: | |
| 標簽: |
添加標簽
沒有標簽, 成為第一個標記此記錄!
|
MARC
| LEADER | 00000nam a2200000 a 4500 | ||
|---|---|---|---|
| 001 | UCT9680 | ||
| 003 | CL-VaPUC | ||
| 008 | 970411e19790000BE |||||||||||||||||spa|d | ||
| 082 | 0 | 4 | |a 342.03 |b SEN |2 21 |
| 100 | 0 | |a Senelle, Robert |e author |9 382591 | |
| 245 | 1 | 3 | |a La reforma del estado belga |
| 300 | |a v | ||
| 942 | |c BK | ||
| 945 | |d 19970411 00:00:00 |a paguirre | ||
| 260 | |a Bruselas |b Ministerio de Asuntos Exteriores, del Comercio Exterior y de la Cooperación al Desarrollo |c 1979 | ||
| 650 | 0 | |a Constituciones |9 255417 | |
| 650 | 0 | |a Reformas constitucionales |9 255169 | |
| 650 | 0 | |a Estado |9 255503 | |
| 650 | 0 | |a Gobierno |9 255508 | |
| 650 | 0 | |a Poder ejecutivo |9 255177 | |
| 650 | 0 | |a Parlamento |9 338611 | |
| 650 | 7 | |a CAMARA ALTA |2 CL-VaPUC |9 338612 | |
| 650 | 7 | |a CAMARA BAJA |2 CL-VaPUC |9 382592 | |
| 650 | 0 | |a Derechos civiles y políticos |9 338684 | |
| 651 | 7 | |a BELGICA |2 CL-VaPUC |9 315122 | |
| 583 | |a last modification |c 19970411 00:00:00 |k Rodrigo Vera | ||
| 490 | 0 | |a Noticias de Bélgica. Proyectos y Análisis, 174 | |
| 999 | |c 258059 |d 258057 | ||
| 952 | |0 0 |1 0 |4 0 |6 342_030000000000000_SEN_1979 |7 0 |8 A |9 281847 |a BIBDER |b BIBDER |d 2019-11-19 |h v.2 |i 1828592 |o 342.03 SEN 1979 |p 1828592 |r 2023-01-25 |w 2019-11-19 |y BK |k DER | ||